TACONAFIDE - Soma 0,5 mg - Statystyki

Ogólne statystyki
  • Ten quiz został rozwiązany 18 razy
  • Średni wynik to 12 z 15
Statystyki odpowiedzi
Soma 0,5 mg % Poprawnych
Tamagotchi
100%
Intro
94%
8 kobiet
88%
Ekodiesel
81%
Metalica 808
81%
Nóż
81%
Soma
81%
Art-B
75%
Giro d'Italia
75%
PIN
75%
Visa
75%
Kryptowaluty
69%
Sectumsempra
69%
Wiem
63%
Mleko & miód
56%
Nie znaleziono quizów pasujących do podanych kryteriów
Rozkład punktacji
Procent ludzi z każdym wynikiem
Percentyl według liczby udzielonych odpowiedzi
Twoja historia wyników
Nie rozwiązałeś tego quizu